ბათუმის შოთა რუსთაველის სახელმწიფო უნივერსიტეტის ბიბლიოთეკა

The sun also sets : (ბიბ.ჩანაწერი № 63961)

000 -LEADER
fixed length control field 01004nam a22002417a 4500
003 - CONTROL NUMBER IDENTIFIER
control field Ge_BSU
005 - DATE AND TIME OF LATEST TRANSACTION
control field 20260227110746.0
008 - FIXED-LENGTH DATA ELEMENTS--GENERAL INFORMATION
fixed length control field 260227s1989 enk||||| |||| 00| 0 eng d
020 ## - INTERNATIONAL STANDARD BOOK NUMBER
International Standard Book Number 9780671735869x
041 ## - LANGUAGE CODE
Language code of text/sound track or separate title eng
080 ## - UNIVERSAL DECIMAL CLASSIFICATION NUMBER
Universal Decimal Classification number 339.9(520) E-51
100 ## - MAIN ENTRY--PERSONAL NAME
Personal name Emmott, Bill.
9 (RLIN) 27007
245 ## - TITLE STATEMENT
Title The sun also sets :
Remainder of title The limits to Japan's economic power /
Statement of responsibility, etc. Bill Emmott.
264 ## - PRODUCTION, PUBLICATION, DISTRIBUTION, MANUFACTURE, AND COPYRIGHT NOTICE
Place of production, publication, distribution, manufacture New York :
Name of producer, publisher, distributor, manufacturer Simon & Schuster,
Date of production, publication, distribution, manufacture, or copyright notice 1989.
300 ## - PHYSICAL DESCRIPTION
Extent 292 p. ;
Other physical details 23 cm.
440 ## - SERIES STATEMENT/ADDED ENTRY--TITLE
Title A Touchstone b. Business/Current affairs
9 (RLIN) 27008
504 ## - BIBLIOGRAPHY, ETC. NOTE
Bibliography, etc. note Bibliogr.: p. 277-279.
653 ## - INDEX TERM--UNCONTROLLED
keyword იაპონიის საგარეო ეკონომიკური ურთიერთობები
653 ## - INDEX TERM--UNCONTROLLED
keyword იაპონიის საგარეო ურთიერთობები
653 ## - INDEX TERM--UNCONTROLLED
keyword ეკონომიკური პროგნოზირება
653 ## - INDEX TERM--UNCONTROLLED
keyword კონკურენცია, საერთაშორისო
942 ## - ADDED ENTRY ELEMENTS (KOHA)
Source of classification or shelving scheme
Koha item type წიგნი
ეგზემპლარები
Withdrawn status Lost status Source of classification or shelving scheme Damaged status Not for loan Permanent Location Current Location Shelving location Date acquired Cost, normal purchase price Full call number Barcode Date last seen Copy number Uniform Resource Identifier Price effective from Koha item type Public note
          ბათუმის შოთა რუსთაველის სახელმწიფო უნივერსიტეტის მთავარი ბიბლიოთეკა ბათუმის შოთა რუსთაველის სახელმწიფო უნივერსიტეტის მთავარი ბიბლიოთეკა წიგნსაცავი 2026-02-27 12.00 339.9(520) E-51 73839 2026-02-27 73839 იაპონიის ელჩის საჩუქარი 2026-02-27 წიგნი 12 ლ.